[Event "Lichtenrader Herbst"]
[Site "Berlin"]
[Date "2013.10.02"]
[Round "5.15"]
[White "Schnabel, Ralf"]
[Black "Heerde, Thomas"]
[Result "1-0"]
[WhiteElo "2228"]
[BlackElo "2028"]
[PlyCount "67"]
[EventDate "2013.??.??"]
[WhiteTeam "ESV Nickelhütte Aue"]
[BlackTeam "SC Weisse Dame e.V."]

1. e4 d5 2. exd5 Qxd5 3. Nc3 Qa5 4. d4 Nf6 5. Bc4 Bg4 6. f3 Bf5 7. Nge2 e6 8.
Bd2 Qb6 9. Bb3 Nbd7 10. g4 Bg6 11. g5 Nh5 12. Be3 c6 13. Qd2 Qa5 14. O-O-O
O-O-O 15. Ne4 Bb4 16. c3 Be7 17. c4 Bb4 18. Qc2 f5 19. gxf6 Ndxf6 20. c5 Nd5
21. Bg5 Rdf8 22. Rhf1 Kb8 23. a3 h6 24. axb4 Nxb4 25. Bd2 Nxc2 26. Bxa5 Ne3 27.
Rg1 Bxe4 28. fxe4 Nxd1 29. Kxd1 Rf2 30. Bxe6 Re8 31. d5 Nf6 32. Rxg7 Nxe4 33.
dxc6 b6 34. c7+ 1-0

[Event "Lichtenrader Herbst"]
[Site "Berlin"]
[Date "2013.10.02"]
[Round "5.17"]
[White "Major, Vitalij"]
[Black "Kirchhof, Arno"]
[Result "1/2-1/2"]
[WhiteElo "2164"]
[BlackElo "2069"]
[PlyCount "39"]
[EventDate "2013.??.??"]
[WhiteTeam "SC Kreuzberg e.V."]
[BlackTeam "SC Zugzwang 95 e.V."]

1. d4 Nf6 2. c4 e6 3. Nc3 d5 4. Bg5 Be7 5. e3 h6 6. Bh4 O-O 7. Qc2 Ne4 8. Bxe7
Qxe7 9. cxd5 Nxc3 10. Qxc3 exd5 11. Rc1 c6 12. Bd3 Qg5 13. g3 Qf6 14. f3 Bf5
15. Kf2 Nd7 16. Ne2 Rfe8 17. Nf4 Re7 18. h4 Rae8 19. Rce1 Bxd3 20. Qxd3 1/2-1/2

[Event "Lichtenrader Herbst"]
[Site "Berlin"]
[Date "2013.10.02"]
[Round "5.19"]
[White "Kunze, Michael"]
[Black "Schoene, Ralf"]
[Result "0-1"]
[WhiteElo "1863"]
[BlackElo "2345"]
[PlyCount "92"]
[EventDate "2013.??.??"]
[WhiteTeam "SVG Läufer Reinickendorf e.V."]
[BlackTeam "TSG Neuruppin"]

1. e4 e5 2. Nf3 Nc6 3. d4 exd4 4. Bc4 Bc5 5. c3 Nf6 6. cxd4 Bb4+ 7. Bd2 Bxd2+
8. Nbxd2 d5 9. Bd3 dxe4 10. Nxe4 O-O 11. O-O Bg4 12. Nxf6+ Qxf6 13. Be4 Rfe8
14. Bxc6 Qxc6 15. Rc1 Bxf3 16. Qxf3 Qxf3 17. gxf3 Re7 18. Rc3 Rd8 19. Rd1 f6
20. b4 Rd5 21. a4 a6 22. Kf1 Red7 23. Rc4 c6 24. a5 Kf7 25. Rd3 Rh5 26. Kg2 Rh4
27. Kg3 g5 28. h3 Rd6 29. Kg2 Kg6 30. Rd2 Rd5 31. Kg3 Kf7 32. Rd3 f5 33. Rd1
Ke6 34. Re1+ Kd7 35. Rd1 Kd6 36. Rd2 h5 37. Rd1 Rb5 38. Rdc1 Rf4 39. R1c2 h4+
40. Kg2 Kd5 41. Rc5+ Rxc5 42. bxc5 Rxd4 43. Rb2 Ra4 44. Rxb7 Rxa5 45. Rg7 Rxc5
46. Rxg5 Ke5 0-1

[Event "Lichtenrader Herbst"]
[Site "Berlin"]
[Date "2013.10.02"]
[Round "5.20"]
[White "Moeller, Hendrik"]
[Black "Kather, Yannick"]
[Result "0-1"]
[WhiteElo "2273"]
[BlackElo "1975"]
[PlyCount "102"]
[EventDate "2013.??.??"]
[WhiteTeam "SC Weisse Dame e.V."]
[BlackTeam "SC Weisse Dame e.V."]

1. Nf3 Nf6 2. c4 g6 3. b3 Bg7 4. Bb2 O-O 5. g3 c5 6. Bg2 Nc6 7. O-O a6 8. Nc3
Rb8 9. d4 cxd4 10. Nxd4 Nxd4 11. Qxd4 d6 12. Nd5 Be6 13. Rfd1 b5 14. cxb5 Rxb5
15. Nxf6+ Bxf6 16. Qd2 Bxb2 17. Qxb2 Rc5 18. Rd4 Qb6 19. Rad1 Rfc8 20. Be4 a5
21. Qd2 Bf5 22. Bf3 Qd8 23. Rh4 Qf8 24. Kg2 Qg7 25. Ra4 Qe5 26. h4 Bd7 27. Re4
Qf6 28. Qe3 e5 29. Qg5 Qe6 30. g4 f6 31. Qd2 d5 32. Re3 d4 33. Rd3 e4 34. Rxd4
exf3+ 35. exf3 Bc6 36. Qh6 Rd5 37. Re4 Re5 38. Rf4 Rd5 39. Rc1 Rd3 40. h5 g5
41. Rxf6 Bxf3+ 42. Rxf3 Qxg4+ 43. Kh2 Rxf3 44. Rxc8+ Qxc8 45. Qxg5+ Kf8 46.
Qh6+ Ke8 47. Kg2 Qh3+ 48. Kg1 Rf7 49. Qc6+ Kf8 50. Qd6+ Kg7 51. Qe5+ Kh6 0-1

[Event "Lichtenrader Herbst"]
[Site "Berlin"]
[Date "2013.10.03"]
[Round "6.1"]
[White "Graf, Alexander"]
[Black "Mikkelsen, Nikolaj"]
[Result "1-0"]
[WhiteElo "2607"]
[BlackElo "2412"]
[PlyCount "73"]
[EventDate "2013.??.??"]
[WhiteTeam "USV Volksbank Halle"]

1. d4 Nf6 2. Nf3 g6 3. Nbd2 c5 4. dxc5 Qa5 5. a3 Qxc5 6. b4 Qc7 7. Bb2 Bg7 8.
e3 O-O 9. Be2 Nc6 10. c4 b6 11. O-O Bb7 12. Qb3 Rac8 13. Rac1 Qb8 14. Rfd1 Qa8
15. c5 bxc5 16. Rxc5 d6 17. Rcc1 Nb8 18. b5 Nbd7 19. a4 Nc5 20. Qa3 Rfe8 21.
Nc4 Bd5 22. Na5 Rc7 23. Ne1 Rec8 24. Bc4 Bxc4 25. Rxc4 Nfd7 26. Bxg7 Kxg7 27.
Nc6 Nb8 28. Nb4 Ne4 29. Qb2+ f6 30. Rxc7 Rxc7 31. Nd5 Rb7 32. Qc2 Nc5 33. Nd3
Nxd3 34. Nc7 Nb4 35. Qe4 Rxc7 36. Qxa8 Nd7 37. Qe4 1-0

[Event "Lichtenrader Herbst"]
[Site "Berlin"]
[Date "2013.10.03"]
[Round "6.2"]
[White "Romanishin, Oleg M"]
[Black "Glantz, Robert"]
[Result "1/2-1/2"]
[WhiteElo "2499"]
[BlackElo "2310"]
[PlyCount "51"]
[EventDate "2013.??.??"]
[BlackTeam "SC Kreuzberg e.V."]

1. Nf3 Nf6 2. g3 e6 3. Bg2 b6 4. d4 Bb7 5. c4 Be7 6. Nc3 O-O 7. d5 Bb4 8. Bd2
Na6 9. O-O Re8 10. Nh4 Nc5 11. Rc1 Bxc3 12. Bxc3 a5 13. Bd4 Nfe4 14. f3 Nd6 15.
e4 g5 16. f4 Ncxe4 17. fxg5 Qxg5 18. Nf3 Qh5 19. b3 exd5 20. cxd5 Rac8 21. Ba1
Qxd5 22. Nd4 c5 23. Rf5 Re5 24. Qg4+ Kf8 25. Rxe5 Qxe5 26. Nf3 1/2-1/2

[Event "Lichtenrader Herbst"]
[Site "Berlin"]
[Date "2013.10.03"]
[Round "6.4"]
[White "Gruzmann, Boris"]
[Black "Stern, Rene"]
[Result "1/2-1/2"]
[WhiteElo "2245"]
[BlackElo "2509"]
[PlyCount "106"]
[EventDate "2013.??.??"]
[WhiteTeam "SG Lasker Steglitz-Wilmersdorf"]
[BlackTeam "SK König Tegel 1949 e.V."]

1. e4 e5 2. Nf3 Nc6 3. Bb5 a6 4. Ba4 Nf6 5. O-O Be7 6. Re1 b5 7. Bb3 d6 8. c3
O-O 9. d4 Bg4 10. d5 Na5 11. Bc2 c6 12. h3 Bc8 13. dxc6 Qc7 14. Nbd2 Qxc6 15.
Nf1 Nc4 16. Ng3 Re8 17. a4 Be6 18. Ng5 Bd7 19. b3 Na5 20. Bd2 Bd8 21. axb5 axb5
22. Nh5 h6 23. Nxf6+ Bxf6 24. Nf3 Qc7 25. Nh2 Be6 26. Ng4 Be7 27. Ne3 Bg5 28.
Nd5 Bxd5 29. exd5 Bxd2 30. Qxd2 Rec8 31. Rac1 Kf8 32. Bd1 b4 33. Re3 Qc5 34.
Rg3 Ra7 35. c4 Nb7 36. Bg4 Rca8 37. Bd7 Ra1 38. Rxa1 Rxa1+ 39. Kh2 Qd4 40. Qxb4
Qxf2 41. Rf3 Qg1+ 42. Kg3 Ra2 43. Kh4 Rxg2 44. c5 dxc5 45. Qe4 Re2 46. Rxf7+
Kxf7 47. Qf5+ Ke7 48. Qe6+ Kd8 49. Qb6+ Kxd7 50. Qxb7+ Kd8 51. Qb6+ Ke7 52.
Qe6+ Kf8 53. Qc8+ Kf7 1/2-1/2

[Event "Lichtenrader Herbst"]
[Site "Berlin"]
[Date "2013.10.03"]
[Round "6.5"]
[White "Giemsa, Stephan"]
[Black "Chatalbashev, Boris"]
[Result "0-1"]
[WhiteElo "2321"]
[BlackElo "2537"]
[PlyCount "106"]
[EventDate "2013.??.??"]
[WhiteTeam "SK König Tegel 1949 e.V."]

1. d4 Nf6 2. c4 g6 3. Nc3 Bg7 4. e4 d6 5. h3 O-O 6. Bg5 c5 7. d5 b5 8. cxb5 a6
9. bxa6 Qa5 10. Qd2 Nbd7 11. Nf3 Bxa6 12. Bxa6 Qxa6 13. Qe2 Rfb8 14. Rb1 Nb6
15. Qxa6 Rxa6 16. b3 Nfd7 17. Bd2 f5 18. exf5 gxf5 19. Rd1 Bxc3 20. Bxc3 Rxa2
21. O-O Ra3 22. Rfe1 Rxb3 23. Ba1 Rxf3 24. gxf3 Kf7 25. f4 Ra8 26. Kg2 Nf8 27.
Bb2 Ng6 28. Bc1 Nd7 29. Kf3 Nf6 30. Be3 Ne4 31. Ra1 Nh4+ 32. Ke2 Nc3+ 33. Kd3
Rxa1 34. Rxa1 Nxd5 35. Kc4 Nf6 36. Rg1 Ng6 37. Rg5 e6 38. Bc1 Nd5 39. Rh5 Kg7
40. Rg5 Kf7 41. Rh5 Nf6 42. Rg5 Ne4 43. Rh5 d5+ 44. Kb5 Nf6 45. Rg5 c4 46. Be3
Ne4 47. Rg1 Nc3+ 48. Kc5 Ne2 49. Ra1 Ngxf4 50. Ra7+ Kg6 51. Kd6 c3 52. Ke5 Nd3+
53. Kxe6 d4 0-1

[Event "Lichtenrader Herbst"]
[Site "Berlin"]
[Date "2013.10.03"]
[Round "6.6"]
[White "Stigar, Petter"]
[Black "Rabiega, Robert"]
[Result "0-1"]
[WhiteElo "2239"]
[BlackElo "2507"]
[PlyCount "118"]
[EventDate "2013.??.??"]
[BlackTeam "SK König Tegel 1949 e.V."]

1. d4 d5 2. c4 e6 3. Nc3 Nf6 4. cxd5 exd5 5. Bg5 c6 6. e3 Be7 7. Bd3 Nbd7 8.
Nf3 Nh5 9. Bxe7 Qxe7 10. O-O O-O 11. Qc2 g6 12. Rfe1 Nb6 13. Na4 Nxa4 14. Qxa4
Ng7 15. Rac1 Bf5 16. Rc3 Bxd3 17. Rxd3 Nf5 18. Qa3 Nd6 19. Qc5 Rfe8 20. Rdd1 f6
21. Nd2 Qd7 22. b4 Re7 23. a4 a6 24. Rb1 Rae8 25. Rec1 g5 26. Qc2 Kg7 27. Qd3
h5 28. Nf1 h4 29. Nd2 Rh8 30. Kf1 Qe8 31. Re1 g4 32. g3 hxg3 33. hxg3 Rh2 34.
Ke2 Qh5 35. Rf1 b5 36. Kd1 Nc4 37. Nxc4 dxc4 38. Qc3 Qd5 39. Rb2 Re8 40. Re2 f5
41. Kc1 Kf7 42. Rd2 Rb8 43. a5 Rbh8 44. Re1 Re8 45. Kb2 Qf3 46. Qc2 Re4 47.
Red1 Ke6 48. Ka2 Kd5 49. Kb2 Re6 50. Ka2 Reh6 51. Re1 Qe4 52. Qxe4+ Kxe4 53.
Kb2 Kf3 54. Ree2 Re6 55. Kc3 f4 56. e4 Rxe4 57. Rxe4 Kxe4 58. f3+ gxf3 59. Rxh2
fxg3 0-1

[Event "Lichtenrader Herbst"]
[Site "Berlin"]
[Date "2013.10.03"]
[Round "6.7"]
[White "Lund, Silas Esben"]
[Black "Schnabel, Ralf"]
[Result "1/2-1/2"]
[WhiteElo "2417"]
[BlackElo "2228"]
[PlyCount "79"]
[EventDate "2013.??.??"]
[BlackTeam "ESV Nickelhütte Aue"]

1. d4 f5 2. g3 Nf6 3. Bg2 g6 4. Nh3 Bg7 5. c4 Nc6 6. d5 Ne5 7. Qc2 O-O 8. O-O
d6 9. b3 c6 10. Bb2 cxd5 11. cxd5 Bd7 12. Nc3 Rc8 13. Qd2 Qa5 14. Nf4 Rc7 15.
Rfc1 Rfc8 16. h3 Qb4 17. Rc2 a5 18. Ne6 Bxe6 19. dxe6 b5 20. Rd1 h5 21. h4 Kh7
22. Rcc1 a4 23. Ne4 Qxd2 24. Nxd2 Ne8 25. Bb7 Nf3+ 26. Nxf3 Bxb2 27. Bxc8 Rxc1
28. Rxc1 Bxc1 29. Bd7 axb3 30. axb3 Nc7 31. Nd4 Kg7 32. Nxb5 Nxb5 33. Bxb5 f4
34. Be8 fxg3 35. fxg3 Bd2 36. Kf2 Kf6 37. e3 Bb4 38. Ke2 d5 39. Kf3 Kf5 40. Bf7
1/2-1/2

[Event "Lichtenrader Herbst"]
[Site "Berlin"]
[Date "2013.10.03"]
[Round "6.8"]
[White "Bekker-Jensen, David"]
[Black "Kul, Ivan"]
[Result "1-0"]
[WhiteElo "2321"]
[BlackElo "2123"]
[PlyCount "109"]
[EventDate "2013.??.??"]
[WhiteTeam "SK Norderstedt von 1975"]

1. d4 Nf6 2. c4 g6 3. Nc3 d5 4. cxd5 Nxd5 5. Bd2 Bg7 6. e4 Nxc3 7. Bxc3 c5 8.
d5 Bxc3+ 9. bxc3 e6 10. Bb5+ Bd7 11. Bxd7+ Qxd7 12. c4 exd5 13. cxd5 O-O 14.
Nf3 Qg4 15. O-O Qxe4 16. Re1 Qf4 17. Re7 Qd6 18. Rxb7 Nd7 19. Qa4 Nb6 20. Qc6
Rfd8 21. Qxd6 Rxd6 22. Ng5 Rxd5 23. Nxf7 Rd7 24. Rxd7 Nxd7 25. Nd6 Kf8 26. Re1
Nb6 27. Kf1 Rd8 28. Re6 Rd7 29. Ne4 c4 30. Ke2 Rd3 31. Rf6+ Ke7 32. Rf3 Rxf3
33. Kxf3 Ke6 34. Ke3 Kd5 35. Nf6+ Kc5 36. Nxh7 Nd5+ 37. Kd2 Kd4 38. a3 Nc3 39.
Kc2 Nb5 40. a4 Nc3 41. Nf8 Nxa4 42. Nxg6 Ke4 43. h4 Kf5 44. h5 Nc5 45. g4+ Kf6
46. f4 Ne4 47. Ne5 Kg7 48. g5 Ng3 49. h6+ Kh7 50. Nd7 Ne2 51. Nf8+ Kg8 52. Ne6
Ng3 53. g6 Nf5 54. h7+ Kh8 55. Ng5 1-0

[Event "Lichtenrader Herbst"]
[Site "Berlin"]
[Date "2013.10.03"]
[Round "6.9"]
[White "Bruedigam, Martin"]
[Black "Lagunow, Raphael"]
[Result "1-0"]
[WhiteElo "2312"]
[BlackElo "1969"]
[PlyCount "81"]
[EventDate "2013.??.??"]
[WhiteTeam "USV Potsdam e.V., Abt. Schach"]
[BlackTeam "SG Lasker Steglitz-Wilmersdorf"]

1. d4 Nf6 2. c4 g6 3. Nc3 Bg7 4. Bg5 O-O 5. e3 d6 6. Be2 c5 7. Nf3 Nc6 8. O-O
h6 9. Bh4 g5 10. Bg3 Nh5 11. d5 Nxg3 12. hxg3 Ne5 13. Nxe5 Bxe5 14. f4 gxf4 15.
gxf4 Bg7 16. Bd3 f5 17. Qc2 a6 18. Rf3 Qe8 19. Rg3 e5 20. dxe6 Bxe6 21. Rd1 Rd8
22. Be2 Qf7 23. Nd5 b5 24. b3 Kh8 25. Rh3 bxc4 26. Bxc4 Kh7 27. Kf2 Qg6 28. a4
Bc8 29. Ne7 Qf6 30. Nxc8 Rxc8 31. Rd5 Qg6 32. Bxa6 Rc7 33. Bc4 Re7 34. a5 Kh8
35. a6 Qf6 36. Qd2 Rd8 37. Rh5 Qg6 38. Rh3 Qf6 39. Kg1 Re6 40. Kh2 Ree8 41. Qa5
1-0

[Event "Lichtenrader Herbst"]
[Site "Berlin"]
[Date "2013.10.03"]
[Round "6.10"]
[White "Reichenbach, Werner"]
[Black "Schmidek, Emil"]
[Result "1-0"]
[WhiteElo "2290"]
[BlackElo "1940"]
[PlyCount "107"]
[EventDate "2013.??.??"]
[WhiteTeam "SC Oberkrämer"]
[BlackTeam "TuS Makkabi Berlin e.V."]

1. d4 Nf6 2. Nc3 c5 3. d5 e5 4. e4 d6 5. Be2 g6 6. Nf3 Bg7 7. O-O O-O 8. Nd2
Ne8 9. Nc4 f5 10. a4 Nf6 11. exf5 Bxf5 12. f4 Ne4 13. Nxe4 Bxe4 14. Bg4 Bf5 15.
fxe5 dxe5 16. Ne3 Bxg4 17. Rxf8+ Qxf8 18. Qxg4 Na6 19. Bd2 Qd6 20. Rd1 Rf8 21.
g3 Nb8 22. Bc3 Nd7 23. Nc4 Qf6 24. Qe6+ Kh8 25. Qxf6 Bxf6 26. Re1 e4 27. Rxe4
Bxc3 28. bxc3 Nf6 29. Re5 Rd8 30. d6 b6 31. Re6 Nd5 32. Ne5 Kg8 33. c4 Nc3 34.
Nc6 Rd7 35. Ne5 Rd8 36. d7 Kf8 37. Kg2 Nxa4 38. Kf3 b5 39. cxb5 Nb6 40. Kf4
Nxd7 41. Rd6 Ke7 42. Rxd7+ Rxd7 43. Nxd7 Kxd7 44. Ke5 Kc7 45. c4 Kb6 46. Kd5 g5
47. g4 h6 48. h3 a5 49. bxa6 Kxa6 50. Kxc5 Kb7 51. Kd6 Kc8 52. c5 Kd8 53. c6
Kc8 54. c7 1-0

[Event "Lichtenrader Herbst"]
[Site "Berlin"]
[Date "2013.10.03"]
[Round "6.13"]
[White "Jahnz, Fabian"]
[Black "Jaeschke, Jens-Uwe"]
[Result "1/2-1/2"]
[WhiteElo "2226"]
[BlackElo "2135"]
[PlyCount "22"]
[EventDate "2013.??.??"]
[WhiteTeam "SK König Tegel 1949 e.V."]
[BlackTeam "Sfr.Nord-Ost Berlin"]

1. e4 e5 2. Nf3 Nc6 3. Bc4 Nf6 4. d3 h6 5. O-O d6 6. a4 g6 7. a5 Bg7 8. a6 b6
9. c3 O-O 10. d4 Qe7 11. Re1 Bg4 1/2-1/2

[Event "Lichtenrader Herbst"]
[Site "Berlin"]
[Date "2013.10.03"]
[Round "6.16"]
[White "Zschaebitz, Klaus"]
[Black "Major, Vitalij"]
[Result "0-1"]
[WhiteElo "1997"]
[BlackElo "2164"]
[PlyCount "100"]
[EventDate "2013.??.??"]
[WhiteTeam "BSG 1827 Eckbauer e.V."]
[BlackTeam "SC Kreuzberg e.V."]

1. c4 c5 2. g3 Nc6 3. Bg2 g6 4. Nc3 Bg7 5. d3 e6 6. e4 Nge7 7. Nge2 O-O 8. O-O
a6 9. a3 Rb8 10. Rb1 b5 11. cxb5 axb5 12. b4 cxb4 13. axb4 d5 14. exd5 exd5 15.
Bf4 Rb7 16. Qd2 Be6 17. Bh6 Qd6 18. Bxg7 Kxg7 19. Qf4 Rd8 20. Qxd6 Rxd6 21. Nf4
g5 22. Nxe6+ fxe6 23. f4 g4 24. Rf2 Nf5 25. Ra2 Ncd4 26. Bf1 Rc6 27. Ne2 Rbc7
28. Rbb2 Nf3+ 29. Kf2 Nxh2 30. Bg2 h5 31. Ra5 Rc2 32. Rxc2 Rxc2 33. Bf1 Nxf1
34. Kxf1 Rb2 35. Rxb5 Kf6 36. Rb8 Ne3+ 37. Kf2 Nc2 38. Kf1 Nxb4 39. d4 Rb1+ 40.
Kg2 Rb2 41. Kf1 Rb1+ 42. Kg2 Re1 43. Rxb4 Rxe2+ 44. Kf1 Rd2 45. Rb8 Kf5 46. Rh8
Ke4 47. Rxh5 Kf3 48. Ke1 Rxd4 49. f5 Re4+ 50. Kd2 Re5 0-1

[Event "Lichtenrader Herbst"]
[Site "Berlin"]
[Date "2013.10.03"]
[Round "6.17"]
[White "Kather, Yannick"]
[Black "Sawlin, Leonid"]
[Result "0-1"]
[WhiteElo "1975"]
[BlackElo "2071"]
[PlyCount "78"]
[EventDate "2013.??.??"]
[WhiteTeam "SC Weisse Dame e.V."]
[BlackTeam "TuS Makkabi Berlin e.V."]

1. e4 e6 2. d4 d5 3. Nd2 Nf6 4. e5 Nfd7 5. Bd3 c5 6. c3 Nc6 7. Ne2 cxd4 8. cxd4
f6 9. exf6 Nxf6 10. Nf3 Bd6 11. O-O Qc7 12. Re1 O-O 13. Ng3 Bd7 14. Be3 Rae8
15. Rc1 Bc8 16. a3 g6 17. Bh6 Rf7 18. Ng5 Bf4 19. Nxf7 Bxc1 20. Bxc1 Qxf7 21.
Bb5 Bd7 22. f3 Rc8 23. Ne2 Ne8 24. Nf4 Qf6 25. Be3 Nb8 26. Ba4 Nd6 27. Nd3 Nc4
28. Bf2 Bxa4 29. Qxa4 Nc6 30. Ne5 N4xe5 31. dxe5 Qg7 32. b3 Nxe5 33. Bd4 b5 34.
Qxa7 Qxa7 35. Bxa7 Nc6 36. Bc5 Kf7 37. Bd6 Nd4 38. a4 Rc6 39. axb5 Rxd6 0-1

[Event "Lichtenrader Herbst"]
[Site "Berlin"]
[Date "2013.10.03"]
[Round "6.18"]
[White "Schou-Moldt, Thomas"]
[Black "Shapiro, Yosip"]
[Result "1-0"]
[WhiteElo "2221"]
[BlackElo "2109"]
[PlyCount "101"]
[EventDate "2013.??.??"]
[BlackTeam "SV Berolina Mitte e.V."]

1. e4 c6 2. c4 d5 3. exd5 cxd5 4. cxd5 Nf6 5. Qa4+ Nbd7 6. Nc3 g6 7. Nf3 Bg7 8.
Bc4 O-O 9. O-O Nb6 10. Qb3 Nxc4 11. Qxc4 a6 12. d4 b5 13. Qc5 Bb7 14. Bg5 Rc8
15. Qa7 Qd7 16. Ne5 Qc7 17. Bxf6 Bxf6 18. Ng4 Bg7 19. Ne3 Ra8 20. Qc5 Qd7 21.
Rad1 Rfc8 22. Qb4 Qc7 23. Rfe1 Bf8 24. Qb3 Rcb8 25. Rc1 Qd8 26. a3 Bc8 27. Ne4
a5 28. Qc2 Bg7 29. Red1 b4 30. Qc7 Qxc7 31. Rxc7 Rb7 32. Rc5 h6 33. h3 Bd7 34.
d6 f5 35. Nd2 Bxd4 36. Rd5 e5 37. Nec4 Rba7 38. axb4 axb4 39. Nxe5 Bxb2 40.
Nxd7 Rxd7 41. Nc4 Bc3 42. Nb6 Rad8 43. Nxd7 Rxd7 44. Rb5 Kf7 45. Kf1 Ke6 46.
Rb6 g5 47. Rd3 f4 48. Ke2 h5 49. Kf3 Kf5 50. Rb5+ Kf6 51. h4 1-0

[Event "Lichtenrader Herbst"]
[Site "Berlin"]
[Date "2013.10.03"]
[Round "6.20"]
[White "Boettcher, Patrick"]
[Black "Pesola, Jyrki"]
[Result "1-0"]
[WhiteElo "2176"]
[BlackElo "1880"]
[PlyCount "47"]
[EventDate "2013.??.??"]
[WhiteTeam "SC Zitadelle Spandau 1977 e.V."]

1. e4 c5 2. Nf3 d6 3. d4 cxd4 4. Nxd4 Nf6 5. Nc3 Nc6 6. Bc4 e6 7. Bb3 a6 8. Be3
Qc7 9. f4 Bd7 10. O-O Be7 11. Qf3 O-O 12. f5 Nxd4 13. Bxd4 exf5 14. exf5 Bc6
15. Qg3 Nh5 16. Qh3 Nf6 17. Rad1 Rad8 18. Rf4 d5 19. Rh4 h6 20. Rxh6 gxh6 21.
Qxh6 Bb5 22. Nxb5 axb5 23. Rd3 Rfe8 24. Rh3 1-0

[Event "Lichtenrader Herbst"]
[Site "Berlin"]
[Date "2013.10.04"]
[Round "7.1"]
[White "Romanishin, Oleg M"]
[Black "Graf, Alexander"]
[Result "1-0"]
[WhiteElo "2499"]
[BlackElo "2607"]
[PlyCount "77"]
[EventDate "2013.??.??"]
[BlackTeam "USV Volksbank Halle"]

1. Nf3 g6 2. g3 Bg7 3. d4 c5 4. c3 Qb6 5. a4 Nf6 6. Bg2 O-O 7. O-O d6 8. Na3
Be6 9. Ng5 Bd5 10. e4 Bc6 11. d5 Be8 12. e5 dxe5 13. Nc4 Qa6 14. Nxe5 Nbd7 15.
Nxd7 Bxd7 16. Re1 Rad8 17. Ne4 Bc6 18. Nxc5 Qb6 19. Qb3 Nxd5 20. Qxb6 axb6 21.
Nb3 Nxc3 22. bxc3 Bxc3 23. Bh6 Rfe8 24. Rec1 Bxa1 25. Rxa1 Rd3 26. Nd2 Ra8 27.
Bxc6 bxc6 28. Rb1 Rb8 29. Bf4 Rb7 30. Nc4 b5 31. Na5 Rbd7 32. Rb2 bxa4 33. Nxc6
f6 34. Rb8+ Kg7 35. Ra8 Ra3 36. Kg2 g5 37. Be3 h5 38. Nxe7 Rxe3 39. Nf5+ 1-0

[Event "Lichtenrader Herbst"]
[Site "Berlin"]
[Date "2013.10.04"]
[Round "7.3"]
[White "Collins, Sam E"]
[Black "Bruedigam, Martin"]
[Result "1/2-1/2"]
[WhiteElo "2475"]
[BlackElo "2312"]
[PlyCount "45"]
[EventDate "2013.??.??"]
[BlackTeam "USV Potsdam e.V., Abt. Schach"]

1. e4 c5 2. Nc3 e6 3. f4 d5 4. Nf3 dxe4 5. Nxe4 Nf6 6. d3 Nc6 7. g3 Be7 8. Bg2
Qc7 9. O-O $2 b6 10. f5 Nxe4 11. dxe4 O-O $2 12. c3 Ba6 13. Re1 Rad8 14. Qc2
Bd3 15. Qf2 exf5 16. exf5 Bxf5 17. Ng5 Bc8 18. Bf4 Bd6 19. Qc2 g6 20. Rf1 Ba6
21. Bxd6 Rxd6 22. Rf4 h6 23. Ne4 1/2-1/2

[Event "Lichtenrader Herbst"]
[Site "Berlin"]
[Date "2013.10.04"]
[Round "7.4"]
[White "Rabiega, Robert"]
[Black "Gruzmann, Boris"]
[Result "0-1"]
[WhiteElo "2507"]
[BlackElo "2245"]
[PlyCount "102"]
[EventDate "2013.??.??"]
[WhiteTeam "SK König Tegel 1949 e.V."]
[BlackTeam "SG Lasker Steglitz-Wilmersdorf"]

1. e4 e5 2. Nf3 Nc6 3. Bb5 a6 4. Ba4 d6 5. c3 f5 6. exf5 Bxf5 7. O-O $2 Bd3 8.
Re1 Be7 9. Qb3 b5 10. Qd5 bxa4 11. Qxc6+ Kf8 12. c4 Bf6 13. Nc3 Ne7 14. Qxa4
Qc8 15. c5 Qf5 16. cxd6 cxd6 17. Ne4 Rd8 18. b3 Bxe4 19. Rxe4 d5 20. Re1 Ng6
21. d3 Qxd3 22. Bg5 h6 23. Bxf6 gxf6 24. Rad1 Qb5 25. Qg4 Rg8 26. Nh4 Nxh4 27.
Qxh4 Kf7 28. Qxh6 Rh8 29. Qe3 d4 30. Qe4 Qd5 31. f3 Qxe4 32. fxe4 Rc8 33. Rd2
Ke6 34. Rf2 Rc3 35. g3 Rhc8 36. Ree2 Rd8 37. Kg2 Rf8 38. g4 Rg8 39. h3 Rh8 40.
g5 fxg5 41. Rf5 Rcxh3 42. Rxg5 d3 43. Rf2 d2 44. Rg6+ Ke7 45. Rg7+ Ke8 46. Rf1
Rh1 47. Rg8+ Kd7 48. Rg7+ Kc6 49. Rf6+ Kc5 50. Rc7+ Kb4 51. a3+ Kxa3 0-1

[Event "Lichtenrader Herbst"]
[Site "Berlin"]
[Date "2013.10.04"]
[Round "7.5"]
[White "Glantz, Robert"]
[Black "Bekker-Jensen, David"]
[Result "1-0"]
[WhiteElo "2310"]
[BlackElo "2321"]
[PlyCount "83"]
[EventDate "2013.??.??"]
[WhiteTeam "SC Kreuzberg e.V."]
[BlackTeam "SK Norderstedt von 1975"]

1. e4 c5 2. Nf3 d6 3. d4 cxd4 4. Nxd4 Nf6 5. Nc3 a6 6. Be3 e5 7. Nb3 Be7 8. h3
b6 9. g4 Bb7 10. Qf3 h6 11. O-O-O Nbd7 12. h4 Rc8 13. g5 hxg5 14. hxg5 Rxh1 15.
Qxh1 Ng4 16. Qh8+ Bf8 17. Bh3 Nxe3 18. fxe3 Qxg5 19. Rxd6 Qxe3+ 20. Kb1 Qxh3
21. Qxh3 Bxd6 22. Qd3 Ke7 23. Nd5+ Bxd5 24. Qxd5 g5 25. Nd2 Rh8 26. c3 b5 27.
Nb3 g4 28. Na5 Rh6 29. Qa8 Bc7 30. Nc6+ Kd6 31. Nb4 Rh1+ 32. Kc2 Ke7 33. Qg8
Nf6 34. Qg5 Bd8 35. Nc6+ Kd6 36. Nxd8 Rh2+ 37. Kb3 Nxe4 38. Nxf7+ Kc6 39. Qg6+
Kd5 40. Qxg4 Nd2+ 41. Kb4 Nc4 42. b3 1-0

[Event "Lichtenrader Herbst"]
[Site "Berlin"]
[Date "2013.10.04"]
[Round "7.6"]
[White "Stern, Rene"]
[Black "Lerch, Philipp"]
[Result "1-0"]
[WhiteElo "2509"]
[BlackElo "2163"]
[PlyCount "48"]
[EventDate "2013.??.??"]
[WhiteTeam "SK König Tegel 1949 e.V."]
[BlackTeam "SK König Tegel 1949 e.V."]

1. d4 d5 2. c4 dxc4 3. e3 e5 4. Bxc4 exd4 5. exd4 Nf6 6. Nf3 Bd6 7. Qe2+ Qe7 8.
Qxe7+ Bxe7 9. O-O O-O 10. Re1 Bd6 11. Nc3 c6 12. Bg5 Nbd7 13. Bb3 Re8 14. Bxf6
Rxe1+ 15. Rxe1 gxf6 16. Re8+ Kg7 17. Ne4 Bb4 18. a3 f5 19. Ng3 Nf6 20. Nxf5+
Kg6 21. N3h4+ Kg5 22. Rh8 Bd2 23. g3 Bc1 24. f4+ Kg4 1-0

[Event "Lichtenrader Herbst"]
[Site "Berlin"]
[Date "2013.10.04"]
[Round "7.7"]
[White "Zur, Jan"]
[Black "Lund, Silas Esben"]
[Result "0-1"]
[WhiteElo "2043"]
[BlackElo "2417"]
[PlyCount "46"]
[EventDate "2013.??.??"]
[WhiteTeam "SC Zugzwang 95 e.V."]

1. e4 e6 2. d4 d5 3. exd5 exd5 4. Nf3 Nc6 5. Bb5 Bd6 6. O-O $2 Nge7 7. Re1 O-O
$2 8. Ne5 Bf5 9. c3 f6 10. Nxc6 bxc6 11. Be2 c5 12. Be3 cxd4 13. cxd4 Rb8 14.
Qd2 c6 15. Nc3 Bg6 16. Rac1 Nf5 17. b3 Nxe3 18. Qxe3 Re8 19. Qd2 Ba3 20. Rcd1
Qa5 21. Bd3 Bb4 22. Bxg6 Bxc3 23. Qf4 hxg6 0-1

[Event "Lichtenrader Herbst"]
[Site "Berlin"]
[Date "2013.10.04"]
[Round "7.8"]
[White "Mikkelsen, Nikolaj"]
[Black "Partenheimer, Axel"]
[Result "1-0"]
[WhiteElo "2412"]
[BlackElo "2136"]
[PlyCount "139"]
[EventDate "2013.??.??"]
[BlackTeam "Düsseldorfer SK 14/25 e."]

1. e4 c5 2. Nf3 e6 3. d4 cxd4 4. Nxd4 Nc6 5. Be2 Nf6 6. Nc3 a6 7. a3 Qc7 8. Be3
Be7 9. O-O $2 O-O $2 10. Kh1 d6 11. f4 Bd7 12. Qe1 Nxd4 13. Bxd4 Bc6 14. Qg3
Rad8 15. e5 Ne8 16. Bd3 dxe5 17. Bxe5 Bd6 18. Rae1 f5 19. Ne2 Bxe5 20. fxe5 Qe7
21. c3 Nc7 22. Nd4 Bd5 23. Rc1 Na8 24. a4 Qd7 25. Qf4 Nc7 26. a5 Bc6 27. Bc4
Bd5 28. Be2 Be4 29. Bf3 Nd5 30. Qg3 Bxf3 31. Qxf3 Qe7 32. Rfe1 Rd7 33. b4 Rfd8
34. Nb3 Rc7 35. Nc5 Rc6 36. Red1 Rdc8 37. Rxd5 exd5 38. Qxd5+ Kf8 39. Rf1 g6
40. Nd7+ Kg7 41. Re1 Qe6 42. Qxe6 Rxe6 43. Nc5 Re7 44. Kg1 Rd8 45. Re2 f4 46.
Kf2 g5 47. Kf3 Rd5 48. e6 Kf6 49. h4 h6 50. Kg4 h5+ 51. Kf3 gxh4 52. Re4 Rd1
53. Rxf4+ Kg5 54. Re4 Rf1+ 55. Ke2 Rf4 56. Re3 Kf5 57. Ke1 Kf6 58. Nd7+ Kf5 59.
Re5+ Kg4 60. Nc5 Rf5 61. Re3 Kg5 62. Nxb7 Kf4 63. Kf2 Rd5 64. Rf3+ Kg4 65. Nc5
Rd2+ 66. Kg1 Rd1+ 67. Kh2 Rd2 68. Rf7 Rxf7 69. exf7 Rf2 70. Nd7 1-0